5 trudnych pytan - Statystyki

Ogólne statystyki
  • Ten quiz został rozwiązany 159 razy
  • Średni wynik to 3 z 5
Statystyki odpowiedzi
Hint kraje % Poprawnych
ile jest panśtw 195
86%
flaga bez białego, czerwonego i niebieskiego Jamajka
68%
najstarsza flaga na ziemi Dania
67%
flaga z kolorem fioletowym Dominika
66%
stolica botswany Gaborone
33%
Nie znaleziono quizów pasujących do podanych kryteriów
Rozkład punktacji
Procent ludzi z każdym wynikiem
Percentyl według liczby udzielonych odpowiedzi
Twoja historia wyników
Nie rozwiązałeś tego quizu